00711cam a22002291i 45000010005000000030008000050050017000130080041000300350018000710350019000890400033001080410008001410820020001492450085001692600042002543000026002966500021003226510036003436510040003797000021004197400041004403897BD-RjUL20211208233810.0131221s1962 nyu 000 0 eng d a(BD-RjUL)3931 a(OCoLC)2068316 aDLCcNBuUdDLCdBD-RjULbeng aeng a320.6bAME 196212aA documentary history of American economic policy since 1789 / cWilliam Letwin. aEdinburgh :buniversity press,cc1962 axxx, 406 p. ;c21 cm. aEconomic policy. 0aUnited StatesxEconomic policy. 0aUnited StatesxEconomic conditions. aLetwin, William,0 aAmerican economic policy since 1789.